000 00832nam a2200301Ia 4500
003 OSt
005 20221006144931.0
006 a|||||r|||| 00| 0
007 ta
008 221006b |||||||| |||| 00| 0 eng d
020 _c28.00 (each)
024 _a13,249
037 _cTextual
040 _aEASL
_cEASL
_beng
041 _2eng
_aeng
082 _aV41,41.N45, L1;2
100 _aSELDEN Mark
245 0 _aYenan way in revolutionary China
260 _aCambridge
_bHaevard University
_c1971
300 _a311p.
_ccm.
650 _a Land Reform
650 _a New Democracy
_9645198
650 _a Shen-Kan-Ning Border
_9653174
650 _a United Front
_9653175
650 _aShen-Kan-Ning Soviet
_9653176
942 _hV41,41.N45, L1;2
_cTEXL
_2CC
999 _c1081335
_d1081335